000 00458nam a2200181Ia 4500
001 2488
005 20260306144810.0
008 260306t2011||||xx |||||||||||||| ||spa||
041 _aESP
082 _a616.891
_bP45 T. 2
100 _aPérez Álvarez, Marino
_eAUT
245 0 _aGuía de tratamientos psicológicos eficaces II:
_bpsicología de la salud
260 _c2011
300 _a
_c
650 _aGEN
654 _aCPS
942 _cLIB
_dJUS
_fJUS
_2ddc
_n
999 _c2488
_d2488